000 00308nam a2200121Ia 4500
008 250327s9999 xx 000 0 und d
020 _a9781529768602
082 _bSLA
_aCQR
100 _aMEL SLATER
_934571
245 0 _aBAYESIAN METHODS IN STATISTICS FROM CONCEPTS TO PRACTICE
260 _bSAGE
942 _cBK
999 _c7371
_d7371